Football Teams Jesé Rodríguez Played For - Statistics

General Stats
  • This quiz has been taken 24 times
  • The average score is 8 of 13
Answer Stats
League Years Team % Correct
France 2016-2017 Paris Saint-Germain
94%
France 2018-2019 Paris Saint-Germain
94%
France 2020 Paris Saint-Germain
94%
Spain 2013-2016 Real Madrid
94%
Spain 2011-2013 Real Madrid Castilla
94%
Portugal 2019-2020 Sporting CP
67%
England 2017-2018 Stoke City
56%
Spain 2019 Real Betis Balompié
44%
Spain 2017 UD Las Palmas
44%
Spain 2021-2022 UD Las Palmas
44%
Italy 2023 UC Sampdoria
22%
Turkey 2022-2023 MKE Ankaragücü
11%
Brazil 2023-2024 Coritiba FC
6%
No matching quizzes found
Score Distribution
Percent of People with Each Score
Percentile by Number Answered
Your Score History
You have not taken this quiz